000 00858nam a2200265Ia 4500
003 OSt
005 20220918171615.0
006 a|||||r|||| 00| 0
007 ta
008 220917b |||||||| |||| 00| 0 eng d
020 _a9783319639901 (hbk)
_cEURO 89.99
024 _a348,152
037 _b56943, 15/01/2019, Segment Book Distributors
_cTextual
040 _aARTS
_cARTS
_beng
041 _2eng
_aeng
082 _aR3xM891:g, Q7
100 _aClark Bob Au.
_937635
245 0 _aWittgenstein, mathmatics and world
260 _aCham
_bSpringer Switzerland
_c2017
300 _axiii,215p.
_ccm.
490 _aHistory of analytic philosophy
650 _aPHILOSOPHERS; WITTGENSTEIN, LUDWIG
_932860
942 _hR3xM891:g, Q7
_cTEXL
_2CC
999 _c140374
_d140374